Welcome to the Holygrace Academy Library

Please use search bar below to get started

PREMALEKHANAM (Record no. 7205)

MARC details
000 -LEADER
fixed length control field 00311nam a22001457a 4500
020 ## - INTERNATIONAL STANDARD BOOK NUMBER
ISBN 978-81-264-3613-2
082 ## - DEWEY DECIMAL CLASSIFICATION NUMBER
Classification number 894.812.3
Item number BAS/P
100 ## - MAIN ENTRY--AUTHOR NAME
Personal name BASHEER
245 ## - TITLE STATEMENT
Title PREMALEKHANAM
250 ## - EDITION STATEMENT
Edition statement 2022
260 ## - PUBLICATION, DISTRIBUTION, ETC. (IMPRINT)
Place of publication KOTTAYAM
Name of publisher DC BOOKS
300 ## - PHYSICAL DESCRIPTION
Number of Pages 55
650 ## - SUBJECT ADDED ENTRY--TOPICAL TERM
Topical Term NOVEL- MALAYALAM
Geographic subdivision KOTTAYAM
942 ## - ADDED ENTRY ELEMENTS (KOHA)
Koha item type Books
Holdings
Withdrawn status Lost status Collection code Home library Current library Shelving location Date acquired Source of acquisition Full call number Accession Number Koha item type
    Fiction Main Library Main Library NEW SHELF WITH NEW ENTRY 11/11/2023 PURCHASE 894.812.3 BAS/P 13324 Books